| 000 | 00703nam a22002177a 4500 | ||
|---|---|---|---|
| 005 | 20251013114444.0 | ||
| 008 | 251013b |||||||| |||| 00| 0 eng d | ||
| 037 | _cTB | ||
| 040 |
_aCRL _cCRL |
||
| 041 |
_2ENG _aENG |
||
| 084 |
_aP15:3 111K3;K9 _bCRL |
||
| 100 |
_aRaja, K Kunjunni _9848102 |
||
| 245 | _aIndian theories of meaning | ||
| 260 |
_aChennai, India: _bAdyar Library and Research Centre, _c1969. |
||
| 300 | _a366p. | ||
| 365 |
_b203.00 _cINR |
||
| 650 |
_aLinguistics _9848103 |
||
| 650 |
_aSanskrit Language-words _9848104 |
||
| 942 |
_2CC _cTB _hP15:3 111K3;K9 _n0 |
||
| 999 |
_c1464679 _d1464679 |
||